000 01160nam a2200241Ia 4500
003 Ost
005 20260507075641.0
008 260507s9999||||xx |||||||||||||| ||und||
020 _a8598855161
040 _cfsecg
041 _aara
082 _a330.121
100 _aالنابلسي، شاكر
_eمؤلف
245 0 _aالمال والهلال :
_bالموانع والدوافع الإقتصادية لظهور الإسلام /
_c شاكر النابلسي
260 _aبيروت:
_bدار الساقي,
_c2002
300 _a208 صفحة؛
_bإيضاحات ؛
_c24 سم
504 _aالمراجع ص.185 الفهرس التحليلي ص.193
520 _aمال العرب قبل الإسلام- الموانع الإقتصادية لظهور الإسلام ، دور اليهودية والمسيحية والحنيفية والصائبة في ظهور الإسلام، الدوافع الإقتصادية لظهور الإسلام، الفتح بدلا من التجارة، مال العرب بعد الإسلام
653 _aالإقتصاد الإسلامي
653 _aالتجارة
653 _aالمال
942 _cكتاب
999 _c45400
_d45400